000
00387nam a22001577a 4500
005
20251108165305.0
008
250721s9999 xx 000 0 ara d
082
1
4
_a
958.104/أفغ
245
1
0
_a
أفغانستان و إسلاماه /
264
_c
[19-].
300
_a
35ص : مص
650
1
7
_a
أفغانستان
650
1
7
_a
التاريخ
942
_2
ddc
_c
BK
999
_c
24266
_d
24266